Drones (Record no. 81135)

MARC details
000 -LEADER
fixed length control field 02630namaa2200397uu 4500
001 - CONTROL NUMBER
control field doab135161
003 - CONTROL NUMBER IDENTIFIER
control field oapen
005 - DATE AND TIME OF LATEST TRANSACTION
control field 20260218110439.0
006 - FIXED-LENGTH DATA ELEMENTS--ADDITIONAL MATERIAL CHARACTERISTICS
fixed length control field m o d
007 - PHYSICAL DESCRIPTION FIXED FIELD--GENERAL INFORMATION
fixed length control field cr|mn|---annan
008 - FIXED-LENGTH DATA ELEMENTS--GENERAL INFORMATION
fixed length control field 240307s2024 xx |||||o ||| 0|eng d
020 ## - INTERNATIONAL STANDARD BOOK NUMBER
International Standard Book Number 9780854661633
020 ## - INTERNATIONAL STANDARD BOOK NUMBER
International Standard Book Number 9780854661640
020 ## - INTERNATIONAL STANDARD BOOK NUMBER
International Standard Book Number 9780854661657
020 ## - INTERNATIONAL STANDARD BOOK NUMBER
International Standard Book Number intechopen.1000551
024 7# - OTHER STANDARD IDENTIFIER
Standard number or code 10.5772/intechopen.1000551
Source of number or code doi
040 ## - CATALOGING SOURCE
Original cataloging agency oapen
Transcribing agency oapen
Modifying agency
041 0# - LANGUAGE CODE
Language code of text/sound track or separate title eng
042 ## - AUTHENTICATION CODE
Authentication code dc
245 00 - TITLE STATEMENT
Title Drones
Remainder of title Various Applications
260 ## - PUBLICATION, DISTRIBUTION, ETC.
Name of publisher, distributor, etc. IntechOpen
Date of publication, distribution, etc. 2024
300 ## - PHYSICAL DESCRIPTION
Extent 1 online resource (256 p.)
336 ## - CONTENT TYPE
Content type term text
Content type code txt
Source rdacontent
337 ## - MEDIA TYPE
Media type term computer
Media type code c
Source rdamedia
338 ## - CARRIER TYPE
Carrier type term online resource
Carrier type code cr
Source rdacarrier
506 0# - RESTRICTIONS ON ACCESS NOTE
Standardized terminology for access restriction Unrestricted online access
Source of term star
520 ## - SUMMARY, ETC.
Summary, etc. Although many believe that unmanned aerial vehicles or drones are a recent invention, unmanned flight has a rich history that goes all the way back to ancient times. The first systems that can be specified under the modern definition of unmanned aerial vehicles or drones include reconnaissance drones developed and deployed during the Cold War period. Today, such systems have evolved and can have different designs. In the last twenty years, many drones with different aerodynamic characteristics, flight endurance, methods and places of launch and acceptance, and even more diverse purposes have been developed. The achievements of modern science, technique, and technology, especially in the field of microelectronics and control systems, have made it possible to design and manufacture drones that are capable of performing controllable flight in a wide range of altitudes, speeds, and distances while performing complex and diverse tasks with almost the same efficiency as well as manned aircraft. This book provides a comprehensive overview of drone technology and applications with chapters on the detection and classification of drones, issues related to electric unmanned aerial vehicles, integrating drones into educational curricula, and the uses of different types of drones in various situations, among other topics.
540 ## - TERMS GOVERNING USE AND REPRODUCTION NOTE
Terms governing use and reproduction Creative Commons
-- https://creativecommons.org/licenses/by/3.0/
-- cc
Uniform Resource Identifier <a href="https://creativecommons.org/licenses/by/3.0/">https://creativecommons.org/licenses/by/3.0/</a>
546 ## - LANGUAGE NOTE
Language note English
650 #7 - SUBJECT ADDED ENTRY--TOPICAL TERM
Topical term or geographic name entry element Robotics
Source of heading or term bicssc
720 1# - ADDED ENTRY--UNCONTROLLED NAME
Name Cvetković, Dragan
Relator code edt
720 1# - ADDED ENTRY--UNCONTROLLED NAME
Name Cvetković, Dragan
Relator code oth
793 0# -
-- DOAB Library.
856 ## - ELECTRONIC LOCATION AND ACCESS
Uniform Resource Identifier <a href="https://docs.google.com/spreadsheets/d/1yKIrdCPDAG_9c22mwoOIO2DOhtj65Wqa/edit?usp=sharing&ouid=106555315294820607512&rtpof=true&sd=true ">https://docs.google.com/spreadsheets/d/1yKIrdCPDAG_9c22mwoOIO2DOhtj65Wqa/edit?usp=sharing&ouid=106555315294820607512&rtpof=true&sd=true </a>
Link text List of Curated E-Books
942 ## - ADDED ENTRY ELEMENTS (KOHA)
Koha item type E-Book
Holdings
Withdrawn status Damaged status Not for loan Home library Current library Date acquired Total Checkouts Date last seen Price effective from Koha item type
      Directory of Open Access Books Directory of Open Access Books 12/09/2024   12/09/2024 12/09/2024 E-Book

University of Rizal System
Email us at univlibservices@urs.edu.ph

Visit our Website www.urs.edu.ph/library